[Event "Crema op 03rd"]
[Site "Crema"]
[Date "2001.09.08"]
[Round "3"]
[White "Festa, Samuele"]
[Black "Volpati, Antonio"]
[Result "1-0"]
[WhiteElo "1642"]
[BlackElo "1419"]
[PlyCount "73"]
[EventDate "2001.09.07"]
[EventType "swiss"]
[EventRounds "6"]
[EventCountry "ITA"]
[SourceTitle "EXT 2007"]
[Source "ChessBase"]
[SourceDate "2006.11.23"]
[SourceVersion "1"]
[SourceVersionDate "2006.11.23"]
[SourceQuality "1"]

1. d4 d5 2. c4 e5 3. dxe5 d4 4. Nf3 Nc6 5. Nbd2 Nge7 6. a3 Ng6 7. Nb3 Ngxe5 8. Nxe5 Nxe5 9. Qxd4 Qxd4 10. Nxd4 Bd7 11. e3 0-0-0 12. Be2 Bd6 13. 0-0 f5 14. b4 g5 15. c5 Be7 16. Nf3 Ng6 17. Bb2 Rhg8 18. Bc4 Nh4 19. Nxh4 gxh4 20. Bxg8 Rxg8 21. f3 h5 22. Be5 h3 23. g3 h4 24. Kf2 hxg3+ 25. Bxg3 Bc6 26. Rg1 Ba4 27. Ra2 Bf6 28. Rd2 a6 29. Rd5 Be7 30. Rc1 Bc6 31. Rxf5 Rd8 32. Rf7 Rd2+ 33. Ke1 Rg2 34. Rxe7 Rg1+ 35. Kd2 Rg2+ 36. Kc3 Bxf3 37. Rf1 1-0